| 000 | 00651nam a2200193 i 4500 | ||
|---|---|---|---|
| 001 | 61750 | ||
| 003 | ES-MaACL | ||
| 005 | 20250809030823.0 | ||
| 007 | t| | ||
| 008 | 031113s1934 sp ||||1| spa d | ||
| 100 | 1 |
_aFariña, Francisco. _948864 |
|
| 245 | 1 | 0 |
_aDerecho Marítimo _b: principios generales y legislación mercantil administrativa e internacional / _cpor Francisco Fariña y timoteo Olondo. |
| 260 |
_aAvila : _b[s.n., _c1934] ( _fSenén Martín Díaz) |
||
| 300 |
_aVIII, 680 p. ; _c21 cm. |
||
| 650 | 0 | 7 |
_aDerecho marítimo _2embne _911730 |
| 700 | 1 |
_aOlondo, Timoteo. _987001 |
|
| 852 |
_aES-MaACL _jA-2832 |
||
| 999 |
_c61750 _d61750 |
||